| 000 | 00541 a2200181 4500 | ||
|---|---|---|---|
| 020 | _a978-9945-653-99-1 | ||
| 245 | 1 | 0 | _aCiencias Sociales 6 Sexto grado segundo ciclo educación secundaria |
| 100 | 1 | _aSilvestre, VicenteAquino, Mirna | |
| 260 |
_bActualidad Escolar 2000 _c2025-08-15 |
||
| 650 | 0 | _aEducación | |
| 300 | _a296 páginas | ||
| 250 | _a1 edición | ||
| 500 | _aTamaño: 21.59x27.94cm. | ||
| 500 | _aPrecio: $2.135 | ||
| 500 | _aEncuadernación: Tapa blanda o rústica | ||
| 500 | _aSoporte: Impreso | ||
| 041 | _aEspañol | ||
| 999 |
_c15164 _d15164 |
||